00856 2200289 4500001002100000005001500021035002000036007000300056008004100059020002200100040002200122082001600144084001800160090002000178100002400198245007600222300004700298650002700345700002600372850001200398264004200410336002100452337003000473338002300503990002000526990002000546INLIS00000000085186620191015102433 a0010-1019000593ta191015s2019 jkia b ind d a978-602-483-514-9 aYOPDYOGbinderda04223a297.648 a297.648 YOL s aK 297.648 YOL s0 aYoli Hemdiepenulis10a10 sahabat Rasulullah SAW /cpenulis, Yoli Hemdi; penyunting, Mursyidah a204 halaman :bilustrasi berwarna ;c22 cm 4aSahabat Nabi--xCerita0 aMursyidahepenyunting aYOPDYOG 1aJakarta :bBhuana Ilmu Populer,c2019 2rdacontentateks 2rdamediaatanpa perantara 2rdacarrieravolume a37747-PD/B.2019 a37748-PD/B.2019